[Event "EU-ch U16 Girls 27th"]
[Site "Mamaia"]
[Date "2017.09.09"]
[Round "5"]
[White "Gherghel Butan, Maria"]
[Black "Simaite, Meida"]
[Result "1-0"]
[WhiteElo "1736"]
[BlackElo "1521"]
[PlyCount "63"]
[EventDate "2017.09.05"]
[EventType "swiss"]
[EventRounds "9"]
[EventCountry "ROU"]
[SourceTitle "EXT 2018"]
[Source "ChessBase"]
[SourceDate "2017.10.13"]
[SourceVersion "1"]
[SourceVersionDate "2017.10.13"]
[SourceQuality "1"]

1. e4 c6 2. Nc3 d5 3. Nf3 Bg4 4. h3 Bxf3 5. Qxf3 e6 6. g3 Nd7 7. d4 dxe4 8. Nxe4 Ngf6 9. Bg2 Nxe4 10. Qxe4 Nf6 11. Qd3 Qd7 12. 0-0 0-0-0 13. Be3 Bd6 14. c4 Bc7 15. Qa3 a6 16. Rfd1 Qe8 17. b4 Rd6 18. Bf4 Rd7 19. Bxc7 Kxc7 20. b5 Qa8 21. bxc6 bxc6 22. Qa5+ Kc8 23. Qb6 Rc7 24. d5 exd5 25. cxd5 Nxd5 26. Bxd5 cxd5 27. Rac1 Qb7 28. Rxc7+ Qxc7 29. Qxa6+ Qb7 30. Rc1+ Kb8 31. Qd6+ Ka8 32. Rc3 1-0

[Event "EU-ch U16 Girls 27th"]
[Site "Mamaia"]
[Date "2017.09.07"]
[Round "3"]
[White "Gherghel Butan, Maria"]
[Black "Henderson de la Fuente, Andrea"]
[Result "0-1"]
[WhiteElo "1736"]
[BlackElo "1961"]
[PlyCount "116"]
[EventDate "2017.09.05"]
[EventType "swiss"]
[EventRounds "9"]
[EventCountry "ROU"]
[SourceTitle "CBM 180 Extra"]
[Source "ChessBase"]
[SourceDate "2017.10.06"]
[SourceVersion "1"]
[SourceVersionDate "2017.10.06"]
[SourceQuality "1"]

1. e4 d6 2. d4 Nf6 3. f3 Nbd7 4. Be3 e5 5. Ne2 Be7 6. Nbc3 c6 7. Qd2 b5 8. d5 b4 9. dxc6 Nb6 10. Nd5 Nc4 11. Qc1 Nxd5 12. exd5 Qa5 13. Bd2 Qxd5 14. Bxb4 Qxc6 15. b3 a5 16. Bc3 Nb6 17. Qd2 a4 18. Ng3 0-0 19. Bd3 h6 20. 0-0 Bg5 21. Qe1 Ba6 22. Bxa6 Rxa6 23. Ne4 Be7 24. Bd2 d5 25. Nc3 d4 26. Ne4 f5 27. Ng3 Qe6 28. Qe2 Rfa8 29. Rae1 Nd7 30. Qd3 Rf8 31. b4 a3 32. f4 e4 33. Qxd4 Rd6 34. Qe3 Qxa2 35. Ra1 Qxc2 36. Rfd1 Rd3 37. Qe1 a2 38. Bc3 Bf6 39. Bxf6 Rxf6 40. Rxd3 exd3 41. Nf1 Nb6 42. Ne3 Qb2 43. Qc1 Qd4 44. Rxa2 Re6 45. Kf2 Qxf4+ 46. Kg1 Qxe3+ 47. Qxe3 Rxe3 48. Kf2 Re4 49. Rd2 Rd4 50. Ke3 Rxb4 51. Rxd3 Rb2 52. Kf3 Kf7 53. h3 Ke6 54. Re3+ Kf6 55. Rc3 Nd5 56. Rd3 Ke5 57. g3 g5 58. h4 g4# 0-1

[Event "ROM-ch U16 Girls"]
[Site "Baile Felix"]
[Date "2017.02.08"]
[Round "8"]
[White "Mos, Maria Magdalena"]
[Black "Gherghel Butan, Maria"]
[Result "1/2-1/2"]
[WhiteElo "1566"]
[BlackElo "1781"]
[PlyCount "45"]
[EventDate "2017.02.02"]
[EventType "swiss"]
[EventRounds "9"]
[EventCountry "ROU"]
[SourceTitle "CBM 176 Extra"]
[Source "ChessBase"]
[SourceDate "2017.03.02"]
[SourceVersion "1"]
[SourceVersionDate "2017.03.02"]
[SourceQuality "1"]

1. e4 Nf6 2. e5 Nd5 3. Nc3 Nxc3 4. bxc3 d6 5. f4 g6 6. d4 Bg7 7. Nf3 0-0 8. Bd3 c5 9. 0-0 dxe5 10. fxe5 Nc6 11. Be3 Bg4 12. Be2 Qc7 13. h3 Bxf3 14. Bxf3 Rad8 15. Bxc6 Qxc6 16. Qf3 Qc7 17. Rf2 f6 18. e6 f5 19. Rb1 cxd4 20. cxd4 Bxd4 21. Rxb7 Qc5 22. Bxd4 Rxd4 23. Rd7 1/2-1/2

[Event "ROM-ch U16 Girls"]
[Site "Baile Felix"]
[Date "2017.02.04"]
[Round "3"]
[White "Gherghel Butan, Maria"]
[Black "Bucur, Denisa Andreea"]
[Result "0-1"]
[WhiteElo "1781"]
[BlackElo "1881"]
[PlyCount "128"]
[EventDate "2017.02.02"]
[EventType "swiss"]
[EventRounds "9"]
[EventCountry "ROU"]
[SourceTitle "CBM 176 Extra"]
[Source "ChessBase"]
[SourceDate "2017.03.02"]
[SourceVersion "1"]
[SourceVersionDate "2017.03.02"]
[SourceQuality "1"]

1. e4 c5 2. Nf3 a6 3. b3 e6 4. Bb2 b5 5. d4 cxd4 6. Nxd4 Bb7 7. Bd3 Qc7 8. Nd2 Nf6 9. 0-0 d6 10. Re1 Nbd7 11. Bf1 Be7 12. c4 b4 13. Rc1 Nc5 14. f3 0-0 15. Nb1 Nh5 16. g3 Nf6 17. a3 Qb6 18. axb4 Qxb4 19. Bc3 Qb6 20. b4 Ncd7 21. Nd2 e5 22. N2b3 exd4 23. Nxd4 Ne5 24. Kh1 Rfc8 25. Nf5 Bf8 26. c5 Qd8 27. Bg2 Ned7 28. cxd6 g6 29. Ne3 Qb6 30. e5 Ne8 31. f4 Bxg2+ 32. Kxg2 Qb7+ 33. Kg1 Nb6 34. Bd4 Rxc1 35. Qxc1 Rc8 36. Qd2 Ng7 37. Rc1 Rxc1+ 38. Qxc1 Nd5 39. Nxd5 Qxd5 40. Bf2 Ne6 41. Qc8 Qd3 42. Kg2 Qe4+ 43. Kg1 Qd3 44. Kg2 Kg7 45. Kg1 Kh6 46. Qc1 Kg7 47. Qc8 h5 48. h4 Qb5 49. Kg2 Kh7 50. Kg1 Qd3 51. Kg2 Kg7 52. Kg1 g5 53. hxg5 h4 54. gxh4 Qd1+ 55. Kg2 Nxf4+ 56. Kg3 Nh5+ 57. Kg2 Qd5+ 58. Kg1 Qd1+ 59. Kg2 Nf4+ 60. Kg3 Ne2+ 61. Kg2 Qd5+ 62. Kf1 Nf4 63. Qg4 Qc4+ 64. Kg1 Ne2+ 0-1

[Event "ROM-ch U16 Girls"]
[Site "Baile Felix"]
[Date "2017.02.02"]
[Round "1"]
[White "Secrieru, Maria Georgiana"]
[Black "Gherghel Butan, Maria"]
[Result "0-1"]
[WhiteElo "1457"]
[BlackElo "1781"]
[PlyCount "88"]
[EventDate "2017.02.02"]
[EventType "swiss"]
[EventRounds "9"]
[EventCountry "ROU"]
[SourceTitle "CBM 176 Extra"]
[Source "ChessBase"]
[SourceDate "2017.03.02"]
[SourceVersion "1"]
[SourceVersionDate "2017.03.02"]
[SourceQuality "1"]

1. e4 Nf6 2. Nc3 d5 3. exd5 Nxd5 4. Nge2 Bf5 5. d3 e5 6. Bd2 c6 7. g3 h5 8. h4 Bg4 9. Bg2 Bc5 10. Ne4 Be7 11. a3 Nd7 12. c4 N5f6 13. Be3 Nxe4 14. dxe4 0-0 15. 0-0 Qc7 16. Qc2 Bxe2 17. Qxe2 Bc5 18. Bxc5 Nxc5 19. Qxh5 Rad8 20. Qe2 Rd4 21. b4 Nb3 22. Ra2 a5 23. Rb2 a4 24. Rd1 Rfd8 25. Rbb1 c5 26. b5 Qa5 27. Rxd4 exd4 28. Qd3 Qc3 29. Bf1 Qa5 30. Be2 Re8 31. f3 Qc7 32. Kg2 Qe5 33. Bd1 Na5 34. Bxa4 b6 35. Bc2 Qe6 36. Bb3 f5 37. Re1 Qf6 38. Bc2 f4 39. g4 Qxh4 40. Rh1 Qg3+ 41. Kf1 Re5 42. Qe2 Kf7 43. Bd3 Nb3 44. Qh2 Qxf3+ 0-1

[Event "Zuerich op-B 40th"]
[Site "Zuerich"]
[Date "2016.12.29"]
[Round "6"]
[White "Studer, Vital Alexander"]
[Black "Gherghel Butan, Maria"]
[Result "1-0"]
[WhiteElo "1907"]
[BlackElo "1774"]
[PlyCount "43"]
[EventDate "2016.12.26"]
[EventType "swiss"]
[EventRounds "7"]
[EventCountry "SUI"]
[SourceTitle "EXT 2019"]
[Source "ChessBase"]
[SourceDate "2018.10.10"]
[SourceVersion "1"]
[SourceVersionDate "2018.10.10"]
[SourceQuality "1"]

1. d4 d5 2. Nf3 c5 3. e3 Nc6 4. dxc5 e6 5. a3 a5 6. c4 Bxc5 7. Nc3 Nf6 8. Be2 0-0 9. 0-0 h6 10. Qc2 Qe7 11. Rd1 Rd8 12. cxd5 exd5 13. Nb5 Be6 14. Nbd4 Rac8 15. Qd3 Ne4 16. Bd2 Bxd4 17. Nxd4 Ne5 18. Qb3 Qf6 19. Be1 Qh4 20. f3 Nc5 21. Bxh4 Nxb3 22. Nxb3 1-0

[Event "Zuerich op-B 40th"]
[Site "Zuerich"]
[Date "2016.12.28"]
[Round "4"]
[White "Gherghel Butan, Maria"]
[Black "Barnard, Tertius"]
[Result "1-0"]
[WhiteElo "1774"]
[BlackElo "1875"]
[PlyCount "74"]
[EventDate "2016.12.26"]
[EventType "swiss"]
[EventRounds "7"]
[EventCountry "SUI"]
[SourceTitle "EXT 2019"]
[Source "ChessBase"]
[SourceDate "2018.10.10"]
[SourceVersion "1"]
[SourceVersionDate "2018.10.10"]
[SourceQuality "1"]

1. e4 c5 2. Nf3 Nc6 3. d4 cxd4 4. Nxd4 g6 5. c4 Bg7 6. Be3 Nf6 7. Nc3 Ng4 8. Qxg4 Nxd4 9. Qd1 Ne6 10. Be2 Bxc3+ 11. bxc3 Qa5 12. Qd2 b6 13. 0-0 Ba6 14. Rfd1 d6 15. Rab1 0-0 16. Bd4 Rac8 17. Rb4 Nxd4 18. cxd4 Rc7 19. Qb2 Rfc8 20. Qb3 Qg5 21. f3 Rb8 22. Qa3 Bc8 23. Rb5 e5 24. Qxd6 Bh3 25. Bf1 Rbc8 26. Rxe5 Qe3+ 27. Kh1 Rd7 28. Qf6 Be6 29. Rxe6 Rxd4 30. Qxd4 Qxd4 31. Rxd4 fxe6 32. Rd1 a5 33. Kg1 Rc6 34. Kf2 h6 35. Ke3 g5 36. e5 Rc5 37. Kd4 h5 1-0

[Event "Zuerich op-B 40th"]
[Site "Zuerich"]
[Date "2016.12.26"]
[Round "1"]
[White "Gherghel Butan, Maria"]
[Black "Williams, Joanna"]
[Result "1-0"]
[WhiteElo "1774"]
[BlackElo "1200"]
[PlyCount "43"]
[EventDate "2016.12.26"]
[EventType "swiss"]
[EventRounds "7"]
[EventCountry "SUI"]
[SourceTitle "EXT 2019"]
[Source "ChessBase"]
[SourceDate "2018.10.10"]
[SourceVersion "1"]
[SourceVersionDate "2018.10.10"]
[SourceQuality "1"]

1. e4 c5 2. Nf3 d6 3. d4 cxd4 4. Nxd4 Nf6 5. Nc3 a6 6. Be2 e5 7. Nb3 Be7 8. Be3 0-0 9. 0-0 Nc6 10. f3 Be6 11. Nd5 Rc8 12. c4 a5 13. Bb6 Qd7 14. Nxa5 Nxa5 15. Bxa5 Qc6 16. Nxe7+ Kh8 17. Nxc6 Rxc6 18. b3 Ra8 19. Bd2 Rca6 20. a4 Nd7 21. Be3 Nb6 22. c5 1-0

[Event "ROM-ch U14 Girls"]
[Site "Calimanesti"]
[Date "2015.04.04"]
[Round "7"]
[White "Mincu, Smaranda Stanca Ioa"]
[Black "Gherghel Butan, Maria"]
[Result "1/2-1/2"]
[WhiteElo "1485"]
[BlackElo "1580"]
[PlyCount "68"]
[EventDate "2015.03.30"]
[EventType "swiss"]
[EventRounds "9"]
[EventCountry "ROU"]
[SourceTitle "CBM 165 Extra"]
[Source "ChessBase"]
[SourceDate "2015.04.21"]
[SourceVersion "1"]
[SourceVersionDate "2015.04.21"]
[SourceQuality "1"]

1. b3 d5 2. Bb2 c5 3. e3 Nc6 4. h3 a6 5. Nc3 e5 6. g4 h6 7. Qe2 Be7 8. Bg2 Nb4 9. 0-0-0 d4 10. exd4 cxd4 11. Ne4 Nxa2+ 12. Kb1 Nb4 13. Nf3 f6 14. Nh4 d3 15. cxd3 Be6 16. Ng6 Bxb3 17. Nxh8 a5 18. g5 Nxd3 19. Qh5+ Kd7 20. Qg4+ Kc7 21. Rc1+ Nxc1 22. Rxc1+ Kb8 23. gxf6 gxf6 24. Nxf6 Nxf6 25. Bxe5+ Ka7 26. Bd4+ b6 27. Qg3 Bd5 28. Rc7+ Ka6 29. Bf1+ b5 30. Bxb5+ Kxb5 31. Qd3+ Kb4 32. Qc3+ Ka4 33. Qc2+ Kb4 34. Qc3+ Kb5 1/2-1/2

[Event "ROM-ch U14 Girls"]
[Site "Calimanesti"]
[Date "2015.04.02"]
[Round "5"]
[White "Banzea, Izabela Georgeta"]
[Black "Gherghel Butan, Maria"]
[Result "0-1"]
[WhiteElo "1347"]
[BlackElo "1580"]
[PlyCount "57"]
[EventDate "2015.03.30"]
[EventType "swiss"]
[EventRounds "9"]
[EventCountry "ROU"]
[SourceTitle "CBM 165 Extra"]
[Source "ChessBase"]
[SourceDate "2015.04.21"]
[SourceVersion "1"]
[SourceVersionDate "2015.04.21"]
[SourceQuality "1"]

1. Nf3 Nf6 2. g3 d5 3. Bg2 c5 4. d3 Nc6 5. 0-0 e6 6. Nbd2 Bd6 7. Re1 0-0 8. e4 Qc7 9. e5 Nxe5 10. Nxe5 Bxe5 11. f4 Bd6 12. Nf3 b6 13. Ne5 Nd7 14. Nxd7 Bxd7 15. Qf3 Rac8 16. h4 d4 17. g4 Bc6 18. Qf2 Bxg2 19. Kxg2 Rce8 20. g5 e5 21. f5 Qc6+ 22. Kh3 e4 23. dxe4 Rxe4 24. Bd2 Rfe8 25. g6 Rxe1 26. gxh7+ Kxh7 27. Rxe1 Rxe1 28. Bxe1 Qe4 29. c3 0-1

[Event "Lugano op"]
[Site "Lugano"]
[Date "2014.11.09"]
[Round "4"]
[White "Gherghel Butan, Maria"]
[Black "Sigrist, Rene"]
[Result "0-1"]
[WhiteElo "1586"]
[BlackElo "1658"]
[PlyCount "52"]
[EventDate "2014.11.07"]
[EventType "swiss"]
[EventRounds "5"]
[EventCountry "SUI"]
[SourceTitle "EXT 2015"]
[Source "ChessBase"]
[SourceDate "2014.11.20"]
[SourceVersion "1"]
[SourceVersionDate "2014.11.20"]
[SourceQuality "1"]

1. e4 e6 2. d4 d5 3. exd5 exd5 4. Bd3 Be6 5. Nf3 Be7 6. Bf4 h6 7. 0-0 Nf6 8. Nbd2 Nbd7 9. c3 g5 10. Bg3 g4 11. Ne5 Nxe5 12. Bxe5 Qd7 13. Qb3 c6 14. a4 Rg8 15. f3 0-0-0 16. a5 a6 17. Bxa6 gxf3 18. Rxf3 Ne4 19. Nxe4 dxe4 20. Qb6 Rxg2+ 21. Kxg2 exf3+ 22. Kxf3 Bd5+ 23. Ke2 Qg4+ 24. Kd2 Bg5+ 25. Kc2 Qg2+ 26. Kd1 Qd2# 0-1

[Event "San Bernardino op"]
[Site "San Bernardino"]
[Date "2014.10.04"]
[Round "2"]
[White "Zaugg, Reto"]
[Black "Gherghel Butan, Maria"]
[Result "1/2-1/2"]
[WhiteElo "1769"]
[BlackElo "1588"]
[PlyCount "50"]
[EventDate "2014.10.03"]
[EventType "swiss"]
[EventRounds "5"]
[EventCountry "SUI"]
[SourceTitle "CBM 163 Extra"]
[Source "ChessBase"]
[SourceDate "2014.12.23"]
[SourceVersion "1"]
[SourceVersionDate "2014.12.23"]
[SourceQuality "1"]

1. Nf3 d5 2. c4 c6 3. d4 Nf6 4. Nc3 e6 5. Bg5 Bd6 6. e3 0-0 7. Bd3 Nbd7 8. 0-0 Re8 9. Qc2 h6 10. Bh4 dxc4 11. Bxc4 e5 12. dxe5 Nxe5 13. Nxe5 Bxe5 14. Bg3 Bxg3 15. hxg3 Be6 16. Be2 Nd5 17. a3 Qg5 18. Bf3 Rad8 19. Rad1 Nxc3 20. Qxc3 Rxd1 21. Rxd1 Rd8 22. Rd4 Qf6 23. Qd2 Rxd4 24. Qxd4 Qxd4 25. exd4 Kf8 1/2-1/2

[Event "Lesa op-B 3rd"]
[Site "Lesa"]
[Date "2014.09.20"]
[Round "2"]
[White "Gherghel Butan, Maria"]
[Black "Alessandro, Sergio"]
[Result "0-1"]
[WhiteElo "1588"]
[BlackElo "1664"]
[PlyCount "72"]
[EventDate "2014.09.19"]
[EventType "swiss"]
[EventRounds "5"]
[EventCountry "ITA"]
[SourceTitle "EXT 2016"]
[Source "ChessBase"]
[SourceDate "2015.10.08"]
[SourceVersion "1"]
[SourceVersionDate "2015.10.08"]
[SourceQuality "1"]

1. e4 d5 2. exd5 Qxd5 3. Nc3 Qe6+ 4. Be2 Qg6 5. Bf3 Nc6 6. Nge2 e5 7. Ng3 Nd4 8. d3 Ne7 9. Bh5 Qb6 10. 0-0 g6 11. Be2 f5 12. Rb1 Be6 13. Re1 f4 14. Nge4 Bg7 15. b3 0-0 16. Ba3 Rfe8 17. Na4 Qc6 18. Nec5 Nef5 19. c3 Nh4 20. Ne4 Nb5 21. Bb2 Rad8 22. Qc2 Nd4 23. Qd1 Nxe2+ 24. Qxe2 b6 25. Rbd1 f3 26. gxf3 Rf8 27. Nd2 Bg4 28. Qe4 Qxe4 29. dxe4 Rxd2 30. Rxd2 Nxf3+ 31. Kg2 Nxd2 32. c4 Nxe4 33. Nc3 Rxf2+ 34. Kg1 Rxb2 35. Rxe4 Bf3 36. Re3 e4 0-1

[Event "Lesa op-B 3rd"]
[Site "Lesa"]
[Date "2014.09.19"]
[Round "1"]
[White "Grudina, Marco"]
[Black "Gherghel Butan, Maria"]
[Result "1/2-1/2"]
[WhiteElo "1775"]
[BlackElo "1588"]
[PlyCount "73"]
[EventDate "2014.09.19"]
[EventType "swiss"]
[EventRounds "5"]
[EventCountry "ITA"]
[SourceTitle "EXT 2016"]
[Source "ChessBase"]
[SourceDate "2015.10.08"]
[SourceVersion "1"]
[SourceVersionDate "2015.10.08"]
[SourceQuality "1"]

1. e4 c6 2. c4 d5 3. exd5 cxd5 4. cxd5 Nf6 5. Bb5+ Bd7 6. Qa4 Nxd5 7. Nc3 Nxc3 8. dxc3 Bxb5 9. Qxb5+ Qd7 10. Qe2 e6 11. Bf4 Nc6 12. Rd1 Qc8 13. Nf3 Be7 14. 0-0 0-0 15. Rd3 Rd8 16. Rfd1 Rxd3 17. Rxd3 Qe8 18. Qd1 Rd8 19. Bc7 Rxd3 20. Qxd3 Bd8 21. Bxd8 Qxd8 22. Qxd8+ Nxd8 23. Nd4 Kf8 24. Kf1 Ke7 25. Ke2 Kd7 26. Kd3 Nc6 27. f4 Nxd4 28. Kxd4 Kd6 29. c4 b6 30. b4 f6 31. g4 h6 32. h3 g5 33. Ke4 gxf4 34. Kxf4 Kc6 35. Ke4 a5 36. a3 Kb7 37. Ke3 1/2-1/2

[Event "Ascona op 9th"]
[Site "Ascona"]
[Date "2014.04.06"]
[Round "4"]
[White "Hiller, Kai"]
[Black "Gherghel Butan, Maria"]
[Result "0-1"]
[WhiteElo "1400"]
[BlackElo "1573"]
[PlyCount "50"]
[EventDate "2014.04.04"]
[EventType "swiss"]
[EventRounds "5"]
[EventCountry "SUI"]
[SourceTitle "CBM 160 Extra"]
[Source "ChessBase"]
[SourceDate "2014.07.01"]
[SourceVersion "1"]
[SourceVersionDate "2014.07.01"]
[SourceQuality "1"]

1. e4 c6 2. d4 d5 3. e5 Bf5 4. Nf3 e6 5. h4 c5 6. h5 h6 7. Bd3 Bxd3 8. Qxd3 Nc6 9. c4 dxc4 10. Qxc4 Nxd4 11. Nxd4 Qxd4 12. Qb5+ Qd7 13. Qxd7+ Kxd7 14. 0-0 Ne7 15. Rd1+ Kc7 16. Nc3 Nc6 17. Nb5+ Kb6 18. a4 a6 19. Nd6 Nxe5 20. Bf4 Bxd6 21. Rxd6+ Nc6 22. Rd7 e5 23. Be3 f6 24. Rc1 Nd4 25. Rd6+ Kc7 0-1

[Event "Ascona op 9th"]
[Site "Ascona"]
[Date "2014.04.05"]
[Round "3"]
[White "Gherghel Butan, Maria"]
[Black "Schneider, Antonio"]
[Result "0-1"]
[WhiteElo "1573"]
[BlackElo "1843"]
[PlyCount "108"]
[EventDate "2014.04.04"]
[EventType "swiss"]
[EventRounds "5"]
[EventCountry "SUI"]
[SourceTitle "CBM 160 Extra"]
[Source "ChessBase"]
[SourceDate "2014.07.01"]
[SourceVersion "1"]
[SourceVersionDate "2014.07.01"]
[SourceQuality "1"]

1. e4 g6 2. d4 Bg7 3. Nf3 c5 4. Be3 Nf6 5. Nc3 Ng4 6. Qd2 Nxe3 7. Qxe3 cxd4 8. Nxd4 Qb6 9. 0-0-0 Nc6 10. Nxc6 Qxe3+ 11. fxe3 dxc6 12. Ne2 0-0 13. Nd4 e5 14. Nf3 Be6 15. Kb1 Rad8 16. Be2 f6 17. Rd3 Rxd3 18. Bxd3 h5 19. Nh4 Kf7 20. Rf1 Bh6 21. Rf3 Bg5 22. g3 Bg4 23. Rf1 Bxe3 24. Nf3 Kg7 25. Ng1 Be6 26. Nf3 Bh3 27. Re1 g5 28. a3 Rd8 29. Ng1 Bg4 30. Rf1 a5 31. h3 Bxg1 32. hxg4 Bh2 33. gxh5 Bxg3 34. Kc1 Bf4+ 35. Kd1 Kh6 36. Rh1 g4 37. Ke2 Rg8 38. Kf1 Bc1 39. b3 Bxa3 40. Ke2 Bc5 41. Kf1 g3 42. Kg2 Bf2 43. Be2 Rg5 44. Bd1 f5 45. exf5 Rxf5 46. Be2 Rf4 47. Bf3 e4 48. Be2 Rf5 49. Rd1 Bc5 50. Kxg3 Rf2 51. Re1 Kg5 52. Bd1 e3 53. c3 Bd6+ 54. Kh3 Rh2# 0-1